000
00311nam a22001217a 4500
008
171124b xxu||||| |||| 00| 0 eng d
041
_a
eng
080
_a
94
100
_a
16
101
_a
HIS
245
_a
THE LITIGATION EXPLOSION WHAT HAPPENED WHEN AMERICA UNLEASHED THE LAWSUIT
_c
OLSON,W.K
942
_2
udc
_c
BK
999
_c
38511
_d
38511